[Event "Mezokovesd Hegedus Memorial 4th"]
[Site "Mezokovesd"]
[Date "2023.12.29"]
[Round "6"]
[White "Kovacs, Kristof"]
[Black "Adam, Zoltan"]
[Result "1-0"]
[WhiteElo "1917"]
[BlackElo "1794"]
[PlyCount "113"]
[EventDate "2023.12.27"]
[EventType "swiss"]
[EventRounds "6"]
[EventCountry "HUN"]
[SourceTitle "CBM 217 Extra"]
[Source "ChessBase"]
[SourceDate "2024.01.31"]
[SourceVersion "1"]
[SourceVersionDate "2024.01.31"]
[SourceQuality "1"]

1. Nf3 d5 2. g3 c5 3. Bg2 Nc6 4. d4 e6 5. 0-0 Nf6 6. b3 cxd4 7. Nxd4 Bd7 8. Bb2 Be7 9. Nd2 0-0 10. Nxc6 Bxc6 11. Nf3 Rc8 12. Ne5 Bb5 13. a4 Ba6 14. Bd4 Bc5 15. Bxc5 Rxc5 16. b4 Qc7 17. Nf3 Bxe2 18. Qxe2 Rxc2 19. Qe3 a6 20. Rac1 Rc8 21. Rxc2 Qxc2 22. Qb6 Qc7 23. Qxc7 Rxc7 24. Rb1 Nd7 25. Bf1 Kf8 26. Kg2 Ke7 27. b5 a5 28. Nd4 b6 29. Nc6+ Kd6 30. Bd3 Ne5 31. Nxe5 Kxe5 32. Kf3 f5 33. Ke3 d4+ 34. Kd2 g5 35. Re1+ Kf6 36. f4 h6 37. Rc1 Rxc1 38. Kxc1 e5 39. fxe5+ Kxe5 40. Kd2 f4 41. gxf4+ Kxf4 42. Be2 Ke4 43. Bh5 Kf4 44. Kd3 Ke5 45. Bf7 Kf6 46. Bd5 Ke5 47. Bg2 h5 48. Bc6 g4 49. Bg2 h4 50. Bc6 g3 51. hxg3 hxg3 52. Bg2 Ke6 53. Kxd4 Kd6 54. Bh3 Kc7 55. Kd5 Kb7 56. Kd6 Kb8 57. Kc6 1-0

[Event "Mezokovesd Hegedus Memorial 4th"]
[Site "Mezokovesd"]
[Date "2023.12.28"]
[Round "3"]
[White "Hajdu, Istvan"]
[Black "Adam, Zoltan"]
[Result "1/2-1/2"]
[WhiteElo "1839"]
[BlackElo "1794"]
[PlyCount "133"]
[EventDate "2023.12.27"]
[EventType "swiss"]
[EventRounds "6"]
[EventCountry "HUN"]
[SourceTitle "CBM 217 Extra"]
[Source "ChessBase"]
[SourceDate "2024.01.31"]
[SourceVersion "1"]
[SourceVersionDate "2024.01.31"]
[SourceQuality "1"]

1. e4 c6 2. d4 d5 3. exd5 cxd5 4. Bd3 Nc6 5. c3 g6 6. Nf3 Bf5 7. 0-0 e6 8. Bf4 Bxd3 9. Qxd3 Bg7 10. Nbd2 Nf6 11. h3 a6 12. Rfe1 0-0 13. Bg5 Qb8 14. Qe3 Nd7 15. Bf4 Qd8 16. Ne5 Ncxe5 17. dxe5 b5 18. a4 Qb6 19. Qxb6 Nxb6 20. axb5 axb5 21. b3 Rfc8 22. Be3 Nd7 23. Bd4 Rxa1 24. Rxa1 Bxe5 25. Ra7 Bxd4 26. cxd4 Rc1+ 27. Kh2 Nf6 28. Rb7 Rc2 29. Nf3 Rxf2 30. Rxb5 Nh5 31. Rb8+ Kg7 32. Rb7 Nf6 33. Ng5 Kg8 34. Nxf7 Ne4 35. Nd8 Rf6 36. Re7 Nd6 37. Rxe6 Rxe6 38. Nxe6 Kf7 39. Nf4 Nb5 40. Ne2 Kf6 41. g4 g5 42. Kg3 Ke6 43. Kf3 Kd6 44. Ke3 Kc6 45. Kd3 Nd6 46. Nc3 Ne8 47. Ne2 Kb5 48. Kc3 Nc7 49. Nc1 Ne6 50. Nd3 Ka5 51. Nb4 Nf4 52. Nxd5 Nxd5+ 53. Kc4 Nf4 54. Kc5 Nd3+ 55. Kc6 Kb4 56. d5 Kxb3 57. d6 Kc4 58. Kd7 Kd5 59. Ke7 Ne5 60. d7 Nxd7 61. Kxd7 Ke5 62. Ke7 Kf4 63. Kf6 Kg3 64. Kxg5 Kxh3 65. Kf5 h6 66. g5 hxg5 67. Kxg5 1/2-1/2

[Event "Mezokovesd Hegedus Memorial 4th"]
[Site "Mezokovesd"]
[Date "2023.12.27"]
[Round "1"]
[White "Adam, Zoltan"]
[Black "Porcza, Antal Otto"]
[Result "1-0"]
[WhiteElo "1794"]
[BlackElo "1215"]
[PlyCount "55"]
[EventDate "2023.12.27"]
[EventType "swiss"]
[EventRounds "6"]
[EventCountry "HUN"]
[SourceTitle "CBM 217 Extra"]
[Source "ChessBase"]
[SourceDate "2024.01.31"]
[SourceVersion "1"]
[SourceVersionDate "2024.01.31"]
[SourceQuality "1"]

1. e4 e5 2. Nf3 Nc6 3. Bc4 h6 4. d4 Qf6 5. Nc3 exd4 6. Nd5 Qd6 7. Bf4 Qc5 8. Nxc7+ Kd8 9. Bxf7 Qb4+ 10. Nd2 g5 11. Nd5 gxf4 12. Nxb4 Bxb4 13. 0-0 Nf6 14. a3 Bd6 15. Nc4 Bc7 16. Re1 Rh7 17. Bh5 b5 18. Nd2 Ne5 19. Be2 a6 20. a4 b4 21. Nb3 Rg7 22. Nxd4 Nxe4 23. Ne6+ Ke7 24. Nxg7 Bb6 25. Qd5 Bxf2+ 26. Kf1 Kf6 27. Qxe4 Rb8 28. Qxf4+ 1-0

[Event "HUN-chT2 Barcza 2324"]
[Site "Hungary"]
[Date "2023.10.08"]
[Round "1.9"]
[White "Varga, Laszlo4"]
[Black "Adam, Zoltan"]
[Result "0-1"]
[WhiteElo "1720"]
[BlackElo "1775"]
[PlyCount "60"]
[EventDate "2023.10.08"]
[EventType "team-tourn"]
[EventRounds "9"]
[EventCountry "HUN"]
[SourceTitle "EXT 2025"]
[Source "ChessBase"]
[SourceDate "2024.10.14"]
[SourceVersion "1"]
[SourceVersionDate "2024.10.14"]
[SourceQuality "1"]
[WhiteTeam "Kazincbarcika"]
[BlackTeam "Lillafured DVTK II"]
[WhiteTeamCountry "HUN"]
[BlackTeamCountry "HUN"]

1. e4 e5 2. f4 d5 3. Nf3 dxe4 4. Nxe5 Nd7 5. d4 exd3 6. Bxd3 Bd6 7. Nc4 Bc5 8. Qf3 Qe7+ 9. Kd1 Ndf6 10. h3 Qd8 11. Nc3 Ne7 12. Na4 Bd6 13. Nxd6+ Qxd6 14. Nc3 0-0 15. Re1 Bf5 16. Rxe7 Bxd3 17. Qe3 Bf5+ 18. Bd2 Be6 19. Rxe6 Qxe6 20. Qf3 c6 21. g4 Rad8 22. f5 Qd6 23. Qf2 Rfe8 24. Kc1 Ne4 25. Nxe4 Rxe4 26. b4 Qe5 27. c3 Re2 28. Qf4 Qd5 29. f6 Qxd2+ 30. Qxd2 Rdxd2 0-1

[Event "Puspokladany Arnoth Memorial-A 16th"]
[Site "Puspokladany"]
[Date "2023.07.26"]
[Round "1"]
[White "Adam, Zoltan"]
[Black "Szollosi, Laszlo Jr"]
[Result "0-1"]
[WhiteElo "1756"]
[BlackElo "2055"]
[PlyCount "65"]
[EventDate "2023.07.26"]
[EventType "swiss"]
[EventRounds "9"]
[EventCountry "HUN"]
[SourceTitle "EXT 2025"]
[Source "ChessBase"]
[SourceDate "2024.10.14"]
[SourceVersion "1"]
[SourceVersionDate "2024.10.14"]
[SourceQuality "1"]

1. d4 Nf6 2. Bf4 d5 3. e3 Bf5 4. c4 e6 5. Qb3 Nc6 6. Nc3 Bb4 7. a3 Bxc3+ 8. bxc3 Na5 9. Qa4+ c6 10. c5 0-0 11. f3 b5 12. Qd1 Nc4 13. g4 Bg6 14. h4 h5 15. g5 Nd7 16. Ra2 Qa5 17. Qb3 e5 18. dxe5 Nxc5 19. Qb4 Qb6 20. e4 a5 21. Qb1 Nxe4 22. fxe4 Bxe4 23. Nh3 Rae8 24. Bxc4 dxc4 25. Qd1 g6 26. Nf2 Bd5 27. Rd2 b4 28. Rxd5 cxd5 29. Qxd5 b3 30. Ne4 b2 31. Nf6+ Kh8 32. Nxe8 b1Q+ 33. Ke2 0-1

[Event "HUN-chT BAZ megyei CSB 2223"]
[Site "Hungary"]
[Date "2023.04.16"]
[Round "9.9"]
[White "Urban, Istvan"]
[Black "Adam, Zoltan"]
[Result "0-1"]
[WhiteElo "1470"]
[BlackElo "1753"]
[PlyCount "62"]
[EventDate "2022.09.25"]
[EventType "team-tourn"]
[EventRounds "9"]
[EventCountry "HUN"]
[SourceTitle "EXT 2025"]
[Source "ChessBase"]
[SourceDate "2024.10.14"]
[SourceVersion "1"]
[SourceVersionDate "2024.10.14"]
[SourceQuality "1"]
[WhiteTeam "Hidasnemeti VSC"]
[BlackTeam "DVTK II"]
[WhiteTeamCountry "HUN"]
[BlackTeamCountry "HUN"]

1. d4 d5 2. g3 Nf6 3. Bg2 Bf5 4. Nd2 e6 5. c3 c5 6. e3 Nc6 7. Ne2 cxd4 8. Nxd4 Bg6 9. 0-0 Bd6 10. Nb5 Bb8 11. Nd4 0-0 12. Re1 e5 13. Nxc6 bxc6 14. Qa4 Qd6 15. c4 Bc7 16. b4 Rfb8 17. Ba3 Qd7 18. cxd5 Nxd5 19. Bxd5 Qxd5 20. Qd1 a5 21. e4 Qe6 22. Rb1 Qxa2 23. Ra1 Qe6 24. bxa5 Bxa5 25. Bc5 Rd8 26. Be3 Bxe4 27. Qa4 Bd5 28. Qc2 Qh3 29. Ne4 Bxe1 30. Rxe1 f5 31. f3 fxe4 0-1

[Event "Puspokladany Arnoth Memorial 15th"]
[Site "Puspokladany"]
[Date "2022.07.28"]
[Round "2"]
[White "Adam, Zoltan"]
[Black "Szaloki, Arpad"]
[Result "0-1"]
[WhiteElo "1762"]
[BlackElo "1923"]
[PlyCount "78"]
[EventDate "2022.07.27"]
[EventType "swiss"]
[EventRounds "9"]
[EventCountry "HUN"]
[SourceTitle "EXT 2023"]
[Source "ChessBase"]
[SourceDate "2022.10.05"]
[SourceVersion "1"]
[SourceVersionDate "2022.10.05"]
[SourceQuality "1"]

1. e4 c5 2. c3 Nf6 3. e5 Nd5 4. d4 cxd4 5. Qxd4 e6 6. Nf3 Nc6 7. Qe4 f5 8. Qe2 b5 9. g3 Be7 10. Bg2 Qc7 11. 0-0 a6 12. Re1 0-0 13. c4 bxc4 14. Qxc4 a5 15. a3 Ba6 16. Qc2 Rac8 17. Nc3 Na7 18. Bd2 Nb5 19. a4 Nbxc3 20. bxc3 Nxc3 21. Bxc3 Qxc3 22. Qxc3 Rxc3 23. Nd4 Bb4 24. Red1 Rfc8 25. Nb5 R3c5 26. Rxd7 Bxb5 27. axb5 Rxb5 28. f4 Rbc5 29. Rad1 Rc1 30. Bf3 a4 31. Rxc1 Rxc1+ 32. Bd1 a3 33. Kg2 a2 34. Bb3 a1Q 35. Bxe6+ Kf8 36. Rf7+ Ke8 37. Rxg7 Rg1+ 38. Kh3 Qf1+ 39. Kh4 Be7+ 0-1

[Event "HUN-chT BAZ megyei CSB 2122"]
[Site "Hungary"]
[Date "2022.01.09"]
[Round "4.1"]
[White "Adam, Zoltan"]
[Black "Barabas, Tibor"]
[Result "0-1"]
[WhiteElo "1805"]
[BlackElo "1943"]
[PlyCount "112"]
[EventDate "2021.10.17"]
[EventType "team-tourn"]
[EventRounds "9"]
[EventCountry "HUN"]
[SourceTitle "EXT 2025"]
[Source "ChessBase"]
[SourceDate "2024.10.14"]
[SourceVersion "1"]
[SourceVersionDate "2024.10.14"]
[SourceQuality "1"]
[WhiteTeam "DVTK III"]
[BlackTeam "Tiszaujvaros"]
[WhiteTeamCountry "HUN"]
[BlackTeamCountry "HUN"]

1. e4 c5 2. c3 d5 3. exd5 Qxd5 4. d4 e5 5. dxe5 Qxe5+ 6. Be2 Bg4 7. Be3 Be6 8. Nf3 Qc7 9. 0-0 h6 10. Re1 Nf6 11. Qa4+ Nbd7 12. Bf4 Bd6 13. Bxd6 Qxd6 14. Na3 0-0 15. Nc4 Qb8 16. Ne3 a6 17. Rad1 b5 18. Qc2 a5 19. c4 b4 20. b3 a4 21. h3 axb3 22. axb3 Ra3 23. Qb2 Qa7 24. Ra1 Ra8 25. Nc2 Ra2 26. Rxa2 Qxa2 27. Qxa2 Rxa2 28. Bd3 Rb2 29. Na1 Nh5 30. Re2 Rxe2 31. Bxe2 Nf4 32. Bd1 Kf8 33. Kf1 g5 34. h4 f6 35. g3 Ng6 36. hxg5 fxg5 37. Nc2 Ke7 38. Ne3 Kf6 39. Bc2 Ne7 40. Be4 g4 41. Nd2 Ke5 42. Nc2 Bf5 43. Bxf5 Nxf5 44. f4+ gxf3 45. Nxf3+ Ke4 46. Kf2 Kd3 47. g4 Kxc2 48. gxf5 Kxb3 49. Nd2+ Kc3 50. Ke2 h5 51. Kd1 b3 52. Ne4+ Kxc4 53. f6 Kd3 54. Nxc5+ Nxc5 55. Kc1 Nd7 56. f7 Kc3 0-1

[Event "Satu Mare Szabo Memorial"]
[Site "Satu Mare"]
[Date "2021.08.13"]
[Round "7"]
[White "Adam, Zoltan"]
[Black "Talmaci, Chiril"]
[Result "1/2-1/2"]
[WhiteElo "1780"]
[BlackElo "1995"]
[PlyCount "106"]
[EventDate "2021.08.08"]
[EventType "swiss"]
[EventRounds "9"]
[EventCountry "ROU"]
[SourceTitle "CBM 203 Extra"]
[Source "ChessBase"]
[SourceDate "2021.09.30"]
[SourceVersion "1"]
[SourceVersionDate "2021.09.30"]
[SourceQuality "1"]

1. d4 d5 2. Nf3 c6 3. e3 Nf6 4. Bd3 Bg4 5. c4 e6 6. Nc3 Nbd7 7. h3 Bh5 8. a3 a5 9. cxd5 exd5 10. g4 Bg6 11. Nh4 Bxd3 12. Qxd3 Ne4 13. Ng2 Nxc3 14. Qxc3 h5 15. gxh5 Rxh5 16. Nf4 Rh8 17. Bd2 Nf6 18. Nd3 Ne4 19. Qb3 Qc7 20. Rc1 Bd6 21. Qd1 Qd7 22. Qf3 Ng5 23. Qg2 Qf5 24. Ke2 g6 25. Qg4 Qf6 26. Rcg1 Rh5 27. h4 Ne6 28. Be1 Ng7 29. Nf4 Bxf4 30. exf4 Nf5 31. Bc3 0-0-0 32. Kd3 Re8 33. Re1 Rhh8 34. Re5 a4 35. h5 Rxe5 36. fxe5 Qe6 37. Qg5 Qe7 38. Qxe7 Nxe7 39. h6 Rh7 40. Bb4 Nf5 41. Bf8 Kd7 42. f3 Ke8 43. Bg7 Nxg7 44. hxg7 Rxg7 45. Rh8+ Kd7 46. Ra8 g5 47. Rxa4 g4 48. fxg4 Rxg4 49. Ra7 Kc7 50. Ra8 Rg3+ 51. Kc2 Rg4 52. Kc3 Rg3+ 53. Kc2 Rg4 1/2-1/2

[Event "HUN-chT 1516 BAZ II Gavel"]
[Site "Hungary"]
[Date "2016.01.17"]
[Round "4"]
[White "Adam, Zoltan"]
[Black "Csendi, Balazs"]
[Result "1/2-1/2"]
[WhiteElo "1818"]
[BlackElo "1882"]
[PlyCount "41"]
[EventDate "2015.09.27"]
[EventType "team-tourn"]
[EventRounds "7"]
[EventCountry "HUN"]
[SourceTitle "EXT 2025"]
[Source "ChessBase"]
[SourceDate "2024.10.14"]
[SourceVersion "1"]
[SourceVersionDate "2024.10.14"]
[SourceQuality "1"]
[WhiteTeam "DVTK EMSE III"]
[BlackTeam "Miskolc KisBocsok III"]
[WhiteTeamCountry "HUN"]
[BlackTeamCountry "HUN"]

1. e4 c5 2. c3 Nf6 3. e5 Nd5 4. Nf3 e6 5. Bc4 d6 6. exd6 Bxd6 7. 0-0 0-0 8. d4 cxd4 9. Qxd4 Nc6 10. Qe4 Nf6 11. Qe2 Qc7 12. Nbd2 Ng4 13. h3 Nge5 14. Bb3 b6 15. Re1 Bb7 16. Ng5 h6 17. Nge4 Be7 18. Nf3 Nxf3+ 19. Qxf3 Kh8 20. Qh5 Qe5 21. Qxe5 1/2-1/2

[Event "HUN-chT 1516 BAZ I Borbely"]
[Site "Hungary"]
[Date "2015.10.11"]
[Round "1"]
[White "Adam, Zoltan"]
[Black "Gaspar, Lehel"]
[Result "1-0"]
[WhiteElo "1820"]
[BlackElo "1453"]
[PlyCount "89"]
[EventDate "2015.10.11"]
[EventType "team-tourn"]
[EventRounds "7"]
[EventCountry "HUN"]
[SourceTitle "EXT 2025"]
[Source "ChessBase"]
[SourceDate "2024.10.14"]
[SourceVersion "1"]
[SourceVersionDate "2024.10.14"]
[SourceQuality "1"]
[WhiteTeam "DVTK EMSE II"]
[BlackTeam "Miskolc KisBocsok II"]
[WhiteTeamCountry "HUN"]
[BlackTeamCountry "HUN"]

1. Nf3 Nf6 2. d4 b6 3. c4 Bb7 4. Nc3 Ne4 5. Nxe4 Bxe4 6. e3 e6 7. a3 a5 8. Be2 Bb7 9. 0-0 Be7 10. Bd2 0-0 11. Bc3 d5 12. Nd2 Nd7 13. Qc2 f5 14. Bd3 Bd6 15. cxd5 Bxd5 16. e4 Bb7 17. Bc4 Qe7 18. e5 Nf6 19. exd6 Qxd6 20. f3 Nh5 21. Rae1 Rae8 22. Re5 Nf4 23. g3 Ng6 24. Rxf5 Rxf5 25. Qxf5 Kh8 26. Qd3 Qe7 27. f4 Qd6 28. Ne4 Qe7 29. Ng5 Qd7 30. Re1 Qc6 31. d5 exd5 32. Rxe8+ Qxe8 33. Bxd5 Bxd5 34. Qxd5 Qe3+ 35. Kf1 Qc1+ 36. Ke2 Qc2+ 37. Qd2 Qf5 38. Qd8+ Nf8 39. Qxc7 Qc2+ 40. Ke3 Qc1+ 41. Ke4 Qc2+ 42. Kd5 Qg2+ 43. Ne4 Ne6 44. Qc8+ Nf8 45. Qxf8# 1-0

[Event "Borsod-chT2 1415"]
[Site "Hungary"]
[Date "2015.01.24"]
[Round "5.7"]
[White "Adam, Zoltan"]
[Black "Bibliak, Gabor"]
[Result "1-0"]
[WhiteElo "1872"]
[BlackElo "1598"]
[PlyCount "69"]
[EventDate "2014.09.28"]
[EventType "team-tourn"]
[EventRounds "7"]
[EventCountry "HUN"]
[SourceTitle "EXT 2016"]
[Source "ChessBase"]
[SourceDate "2015.10.08"]
[SourceVersion "1"]
[SourceVersionDate "2015.10.08"]
[SourceQuality "1"]
[WhiteTeam "DVTK EMSE II"]
[BlackTeam "Edeleny III"]
[WhiteTeamCountry "HUN"]
[BlackTeamCountry "HUN"]

1. e4 e5 2. Nf3 Nc6 3. d4 exd4 4. Nxd4 Qh4 5. Qd3 Nf6 6. Nd2 Bc5 7. c3 Ne5 8. Qg3 Qxg3 9. hxg3 0-0 10. b4 Bb6 11. f3 d5 12. f4 Neg4 13. e5 Ne4 14. Nxe4 dxe4 15. Be2 c5 16. bxc5 Bxc5 17. Rh4 Nh6 18. g4 Be7 19. g5 Nf5 20. Nxf5 Bxf5 21. g4 Bd7 22. f5 Bc5 23. Bf4 Rad8 24. Bc4 Bc6 25. g6 hxg6 26. Bg5 gxf5 27. Bxd8 Rxd8 28. gxf5 b5 29. Bb3 Rd3 30. Rd1 Rxc3 31. Rd8+ Bf8 32. e6 Rxb3 33. e7 Re3+ 34. Kf2 Rf3+ 35. Ke2 1-0

[Event "HUN-chT2 Barcza 1314"]
[Site "Hungary"]
[Date "2014.04.27"]
[Round "11"]
[White "Borsos, Bogdan"]
[Black "Adam, Zoltan"]
[Result "1/2-1/2"]
[WhiteElo "2298"]
[BlackElo "1879"]
[PlyCount "92"]
[EventDate "2013.09.08"]
[EventType "team-tourn"]
[EventRounds "11"]
[EventCountry "HUN"]
[SourceTitle "EXT 2016"]
[Source "ChessBase"]
[SourceDate "2015.10.08"]
[SourceVersion "1"]
[SourceVersionDate "2015.10.08"]
[SourceQuality "1"]
[WhiteTeam "Kazincbarcika"]
[BlackTeam "Miskolc EMSE"]
[WhiteTeamCountry "HUN"]
[BlackTeamCountry "HUN"]

1. d4 d5 2. c4 e6 3. g3 Nf6 4. Nf3 Be7 5. Bg2 0-0 6. 0-0 dxc4 7. Nbd2 c5 8. Nxc4 Nc6 9. dxc5 Qxd1 10. Rxd1 Bxc5 11. Nfe5 Ne7 12. Nd3 Bd4 13. Nb4 Bc5 14. Na6 Bb6 15. Nxb6 axb6 16. Nb4 Ned5 17. Bd2 Bd7 18. Nxd5 Nxd5 19. a3 Bc6 20. Rac1 Rfc8 21. Rc2 Ba4 22. Rxc8+ Rxc8 23. Rc1 Rxc1+ 24. Bxc1 Bc6 25. e4 Nf6 26. f3 Kf8 27. Kf2 Nd7 28. Be3 Ke7 29. h4 Kd6 30. Bf1 Kc7 31. g4 e5 32. g5 b5 33. Bd2 f6 34. Bh3 Nc5 35. Ke3 Bd7 36. Bf1 Na4 37. Bc1 Kc6 38. f4 Kd6 39. f5 Nc5 40. Bd2 Na6 41. Ba5 Ke7 42. Bb6 Bc6 43. Be2 Be8 44. b4 Bc6 45. a4 bxa4 46. Bc4 a3 1/2-1/2

[Event "HUN-chT2 Barcza 1314"]
[Site "Hungary"]
[Date "2013.09.22"]
[Round "2"]
[White "Adam, Zoltan"]
[Black "Nemeti, Kornel"]
[Result "1/2-1/2"]
[WhiteElo "1879"]
[BlackElo "1984"]
[PlyCount "98"]
[EventDate "2013.09.08"]
[EventType "team-tourn"]
[EventRounds "11"]
[EventCountry "HUN"]
[SourceTitle "EXT 2016"]
[Source "ChessBase"]
[SourceDate "2015.10.08"]
[SourceVersion "1"]
[SourceVersionDate "2015.10.08"]
[SourceQuality "1"]
[WhiteTeam "Miskolc EMSE"]
[BlackTeam "Tiszavasvar"]
[WhiteTeamCountry "HUN"]
[BlackTeamCountry "HUN"]

1. d4 d5 2. c4 e6 3. Nc3 Nf6 4. Bg5 Be7 5. e3 0-0 6. Rc1 Nbd7 7. cxd5 exd5 8. Bd3 c6 9. Nf3 Re8 10. Nd2 Nf8 11. 0-0 Bg4 12. Qc2 Bh5 13. Na4 Bg6 14. Nc5 Bxc5 15. Bxg6 hxg6 16. Qxc5 Ne6 17. Bxf6 gxf6 18. Qc3 Kg7 19. f4 f5 20. Nf3 Nf8 21. Kf2 Nd7 22. Rc2 Nf6 23. Kg1 Ne4 24. Qb3 Qb6 25. Qxb6 axb6 26. a3 f6 27. Re1 Re7 28. Nd2 Nd6 29. Kf2 Rae8 30. Rc3 g5 31. g3 Nb5 32. Rcc1 g4 33. Nb1 Nd6 34. Nd2 Kg6 35. Rc2 b5 36. Rcc1 Nc4 37. Nxc4 bxc4 38. Rc3 b5 39. Rc2 Ra8 40. Ke2 Rh7 41. Kf1 Rb7 42. Kg2 b4 43. axb4 Rxb4 44. h4 gxh3+ 45. Kxh3 Rab8 46. Ree2 Rb3 47. Kg2 Re8 48. Kf2 Re7 49. Kf3 Re8 1/2-1/2

[Event "HUN-chT2 Maroczy 1112"]
[Site "Hungary"]
[Date "2012.03.11"]
[Round "7"]
[White "Adam, Zoltan"]
[Black "Szepes, Tamas"]
[Result "1/2-1/2"]
[WhiteElo "1963"]
[BlackElo "2145"]
[PlyCount "71"]
[EventDate "2011.09.25"]
[EventType "team-tourn"]
[EventRounds "11"]
[EventCountry "HUN"]
[SourceTitle "EXT 2013"]
[Source "ChessBase"]
[SourceDate "2012.11.22"]
[SourceVersion "1"]
[SourceVersionDate "2012.11.22"]
[SourceQuality "1"]
[WhiteTeam "Miskolc EMSE"]
[BlackTeam "Taban Spartacus"]
[WhiteTeamCountry "HUN"]
[BlackTeamCountry "HUN"]

1. d4 d5 2. c4 e6 3. Nc3 Nf6 4. Bg5 Be7 5. e3 0-0 6. cxd5 exd5 7. Bd3 c6 8. Rc1 Nbd7 9. Nge2 Re8 10. 0-0 h6 11. Bf4 Nf8 12. h3 Bd6 13. Bxd6 Qxd6 14. Ng3 Be6 15. a3 N8h7 16. Bb1 Qd7 17. Qd3 Re7 18. Nce2 Rae8 19. Nf4 Nf8 20. Rc5 b6 21. Rc3 Qd6 22. Rfc1 Bd7 23. Nf5 Bxf5 24. Qxf5 Rc7 25. Qc2 Rec8 26. Qa4 Ne6 27. Nxe6 fxe6 28. Bd3 c5 29. Ba6 Rf8 30. dxc5 bxc5 31. Bd3 Nd7 32. b4 c4 33. Qd1 Ne5 34. Bb1 Rcf7 35. f4 Nd7 36. Rxc4 1/2-1/2

[Event "HUN-chT2 Maroczy 1112"]
[Site "Hungary"]
[Date "2011.11.13"]
[Round "3"]
[White "Kovacs, Laszlo"]
[Black "Adam, Zoltan"]
[Result "1/2-1/2"]
[WhiteElo "2124"]
[BlackElo "1963"]
[PlyCount "45"]
[EventDate "2011.09.25"]
[EventType "team-tourn"]
[EventRounds "11"]
[EventCountry "HUN"]
[SourceTitle "EXT 2013"]
[Source "ChessBase"]
[SourceDate "2012.11.22"]
[SourceVersion "1"]
[SourceVersionDate "2012.11.22"]
[SourceQuality "1"]
[WhiteTeam "Hajduszoboszlo"]
[BlackTeam "Miskolc EMSE"]
[WhiteTeamCountry "HUN"]
[BlackTeamCountry "HUN"]

1. Nf3 Nf6 2. c4 e6 3. g3 d5 4. Bg2 Bd6 5. d4 c6 6. 0-0 Nbd7 7. Nbd2 0-0 8. Qc2 Re8 9. e4 dxe4 10. Ng5 e5 11. Ndxe4 Bc7 12. dxe5 Bxe5 13. Rd1 Qe7 14. Be3 Nxe4 15. Nxe4 Nf6 16. Bg5 h6 17. Bxf6 Bxf6 18. Nd6 Rd8 19. c5 Be6 20. Rac1 Be5 21. Ne4 Bd5 22. Re1 Qc7 23. b3 1/2-1/2

[Event "HUN-chT2 Maroczy 1011"]
[Site "Hungary"]
[Date "2010.11.07"]
[Round "5"]
[White "Katona, Jozsef2"]
[Black "Adam, Zoltan"]
[Result "1/2-1/2"]
[WhiteElo "1993"]
[BlackElo "1954"]
[PlyCount "62"]
[EventDate "2010.09.12"]
[EventType "team-tourn"]
[EventRounds "11"]
[EventCountry "HUN"]
[SourceTitle "EXT 2012"]
[Source "ChessBase"]
[SourceDate "2011.11.24"]
[SourceVersion "1"]
[SourceVersionDate "2011.11.24"]
[SourceQuality "1"]
[WhiteTeam "Oroshaza"]
[BlackTeam "Miskolc EMSE"]
[WhiteTeamCountry "HUN"]
[BlackTeamCountry "HUN"]

1. Nf3 Nf6 2. c4 e6 3. d4 d5 4. Nc3 Be7 5. Bg5 Nbd7 6. e3 0-0 7. Rc1 Re8 8. Bd3 c6 9. 0-0 h6 10. Bh4 Ne4 11. Bxe7 Nxc3 12. Bxd8 Nxd1 13. Rfxd1 Rxd8 14. h3 f6 15. cxd5 exd5 16. Nh4 Nf8 17. Ng6 Kf7 18. Nxf8 Rxf8 19. b4 a6 20. a4 Bd7 21. a5 Rfe8 22. Re1 Re7 23. Rc5 Rae8 24. Kh2 f5 25. g3 g5 26. Rc3 Kf6 27. Be2 Re6 28. Bh5 R8e7 29. f4 gxf4 30. gxf4 Rg7 31. Rg1 Rxg1 1/2-1/2

[Event "HUN-chT2 Barcza 0910"]
[Site "Hungary"]
[Date "2010.05.02"]
[Round "11.2"]
[White "Eberth, Zoltan Bela"]
[Black "Adam, Zoltan"]
[Result "1-0"]
[WhiteElo "2157"]
[BlackElo "1916"]
[PlyCount "91"]
[EventDate "2009.11.08"]
[EventType "team-tourn"]
[EventRounds "11"]
[EventCountry "HUN"]
[SourceTitle "EXT 2011"]
[Source "ChessBase"]
[SourceDate "2010.11.26"]
[SourceVersion "1"]
[SourceVersionDate "2010.11.26"]
[SourceQuality "1"]
[WhiteTeam "Mezokovesd"]
[BlackTeam "Miskolc"]
[WhiteTeamCountry "HUN"]
[BlackTeamCountry "HUN"]

1. e4 d6 2. d4 Nf6 3. Nc3 e5 4. Nf3 Nbd7 5. Bc4 Be7 6. 0-0 c6 7. a4 h6 8. Bb3 Qc7 9. Qe2 g5 10. Qc4 Rh7 11. Nd5 Nxd5 12. exd5 e4 13. Nd2 f5 14. Qe2 Nf6 15. c4 Bf8 16. f3 Re7 17. fxe4 cxd5 18. cxd5 Qb6 19. Nc4 Qxb3 20. Ra3 Qxa3 21. Nxa3 Nxe4 22. Qb5+ Kf7 23. Qd3 Bd7 24. b3 Rae8 25. Nc4 Kg6 26. Ba3 Rf7 27. Na5 Bc8 28. Qb5 Ree7 29. Rc1 Rc7 30. Rxc7 Rxc7 31. Qe8+ Kg7 32. Nc4 Be7 33. h3 a6 34. Ne5 dxe5 35. Bxe7 exd4 36. g4 d3 37. Qf8+ Kh7 38. Qf7+ Kh8 39. Bf6+ Nxf6 40. Qxc7 Bd7 41. Qe5 Kg7 42. gxf5 d2 43. Qd4 Bxf5 44. Qxd2 Bxh3 45. Qc3 Kg6 46. Qxh3 1-0